000 00915nam a2200229Ia 4500
001 3098
003 GE_BSU
008 181216s||||||||xx |||||||||||||| ||und||
040 _cGE_BSU
080 _a621(075.32)
100 _aЗюзин,А.Ф. Поконов,Н.З. Вишток,А.М.
245 _aМонтаж, экспулуатация и ремонт электрооборудования промышленных предприятий и установок.
245 _bУчебник.
245 _cРед.В.И.Петухова.
250 _aИзд 2-ое,перераб.и доп.
260 _aМ.
260 _bВысш. школа.
260 _c1980.
300 _a367стр.с илл.22см.
653 _aМонтаж, экспулуатация и ремонт электрооборудования промышленных предприятий и установок.
942 _cBK
999 _c37142
_d37142